[Event "TCh-ESP Rapid 2021"]
[Site "Ciudad Real ESP"]
[Date "2021.10.10"]
[Round "9.3"]
[White "Oparin, G."]
[Black "Delgado Ramirez, N."]
[Result "1/2-1/2"]
[WhiteElo "2654"]
[BlackElo "2596"]
[PlyCount "43"]
[EventDate "2021.10.09"]
[EventType "rapid"]
[SourceVersionDate "2018.05.14"]
[WhiteTeam "Magic Extremadura"]
[BlackTeam "Gijon 64"]

1. Nf3 Nf6 2. c4 e6 3. d4 d5 4. g3 Bb4+ 5. Nbd2 O-O 6. Bg2 b6 7. O-O Bb7 8. b3
dxc4 9. Nxc4 Nbd7 10. Bb2 Be7 11. Rc1 c5 12. Qd2 cxd4 13. Qxd4 Nc5 14. Rfd1
Qxd4 15. Nxd4 Bxg2 16. Kxg2 Rfc8 17. Ne5 Nd5 18. Ba1 Bf6 19. Ng4 Be7 20. Ne5
Bf6 21. Ng4 Be7 22. Ne5 1/2-1/2

[Event "24th OIBM 2021"]
[Site "Tegernsee GER"]
[Date "2021.11.02"]
[Round "4.2"]
[White "Noe, C."]
[Black "Delgado Ramirez, N."]
[Result "1/2-1/2"]
[WhiteElo "2530"]
[BlackElo "2596"]
[PlyCount "73"]
[EventDate "2021.10.30"]
[SourceVersionDate "2018.05.14"]

1. d4 Nf6 2. c4 e6 3. Nf3 d5 4. Qc2 dxc4 5. Qxc4 a6 6. Bf4 Bd6 7. Bg3 b5 8. Qc2
Bb7 9. e3 Nbd7 10. Nbd2 Rc8 11. Bxd6 cxd6 12. Qd1 Qa5 13. Be2 O-O 14. O-O Nb6
15. Qb1 Nc4 16. Nxc4 bxc4 17. Qc2 Be4 18. Qd2 Qxd2 19. Nxd2 Bd3 20. Bxd3 cxd3
21. Rfc1 e5 22. dxe5 dxe5 23. Kf1 Nd5 24. e4 Nb4 25. Rc4 a5 26. b3 f6 27. g3
Rfd8 28. Kg2 Rxc4 29. Nxc4 a4 30. bxa4 Rd4 31. Ne3 Rxe4 32. a5 Nc6 33. Rd1 Rd4
34. a6 Ra4 35. Rxd3 Nd4 36. Rd2 Rxa6 37. Rb2 1/2-1/2

[Event "24th OIBM 2021"]
[Site "Tegernsee GER"]
[Date "2021.11.03"]
[Round "5.3"]
[White "Delgado Ramirez, N."]
[Black "Meins, G."]
[Result "1-0"]
[WhiteElo "2596"]
[BlackElo "2424"]
[PlyCount "97"]
[EventDate "2021.10.30"]
[SourceVersionDate "2018.05.14"]

1. e4 c5 2. Nf3 d6 3. d4 cxd4 4. Qxd4 a6 5. h3 Nc6 6. Qe3 Nf6 7. c4 e6 8. Be2
Be7 9. O-O d5 10. e5 Ne4 11. Nc3 Nxc3 12. Qxc3 dxc4 13. Qxc4 O-O 14. Qg4 f6 15.
exf6 Bxf6 16. Bc4 Kh8 17. Qe4 Nd4 18. Ne5 Bxe5 19. Qxe5 Qf6 20. Qxf6 gxf6 21.
Be3 e5 22. f4 Be6 23. Bxe6 Nxe6 24. fxe5 fxe5 25. Bh6 Rg8 26. Rf6 Rae8 27. Raf1
Rg6 28. R1f5 Reg8 29. Rxg6 Rxg6 30. Be3 Nf4 31. Bxf4 exf4 32. Rxf4 Rc6 33. a4
Kg7 34. Rb4 b6 35. Kf2 Re6 36. Kf3 Kf6 37. Kf4 h6 38. g4 Kg6 39. h4 Kf6 40. Rc4
a5 41. b3 Kg6 42. Re4 Rc6 43. Re5 Kf6 44. Rf5+ Kg7 45. h5 Rc3 46. Rb5 Rc6 47.
g5 hxg5+ 48. Rxg5+ Kh6 49. Rg6+ 1-0

[Event "24th OIBM 2021"]
[Site "Tegernsee GER"]
[Date "2021.11.04"]
[Round "6.1"]
[White "Delgado Ramirez, N."]
[Black "Santos Latasa, J."]
[Result "1/2-1/2"]
[WhiteElo "2596"]
[BlackElo "2635"]
[PlyCount "75"]
[EventDate "2021.10.30"]
[SourceVersionDate "2018.05.14"]

1. e4 e5 2. Nf3 Nc6 3. Bb5 a6 4. Ba4 Nf6 5. d3 Bc5 6. Bxc6 dxc6 7. Nc3 Qe7 8.
h3 Bd6 9. Be3 Be6 10. Nd2 Nd7 11. Qe2 O-O-O 12. a3 g6 13. Nf3 f6 14. Qd2 c5 15.
Ne2 Nb8 16. c4 Nc6 17. Rb1 g5 18. Ng3 h5 19. h4 g4 20. Ng1 Qf7 21. N1e2 Be7 22.
Qc2 Rhf8 23. Nf5 Bxf5 24. exf5 Qh7 25. Ng3 Rd7 26. O-O Rfd8 27. Rfd1 a5 28. b4
cxb4 29. c5 Rd5 30. Qc4 e4 31. axb4 axb4 32. Ra1 Rxd3 33. Rxd3 exd3 34. Qe6+
Kb8 35. Qa2 Kc8 36. Qe6+ Kb8 37. Qa2 Kc8 38. Qe6+ 1/2-1/2

[Event "24th OIBM 2021"]
[Site "Tegernsee GER"]
[Date "2021.11.05"]
[Round "7.3"]
[White "Nestorovic, N."]
[Black "Delgado Ramirez, N."]
[Result "0-1"]
[WhiteElo "2467"]
[BlackElo "2596"]
[PlyCount "80"]
[EventDate "2021.10.30"]
[SourceVersionDate "2018.05.14"]

1. e4 c5 2. Nf3 d6 3. d4 cxd4 4. Nxd4 Nf6 5. Nc3 a6 6. h3 Nc6 7. Be3 e6 8. g4
h6 9. Bg2 Bd7 10. Qe2 Nxd4 11. Bxd4 e5 12. Be3 Rc8 13. f4 Be7 14. g5 hxg5 15.
fxg5 Rxc3 16. bxc3 Nh5 17. Qd2 Bc6 18. Kf2 b5 19. Rag1 Qa8 20. Qd3 O-O 21. Qd1
g6 22. Qg4 Qd8 23. Bf3 Qa5 24. Rc1 Qxc3 25. Rhd1 Kg7 26. Qg2 Nf4 27. Bxf4 exf4
28. h4 Qe3+ 29. Kf1 b4 30. Qf2 Rh8 31. Qxe3 fxe3 32. h5 Bb5+ 33. Kg2 Bxg5 34.
Rxd6 Rc8 35. hxg6 e2 36. Rh1 fxg6 37. e5 Rxc2 38. Kg3 Rc3 39. Kg4 Rc1 40. Rxc1
Bxc1 0-1

[Event "24th OIBM 2021"]
[Site "Tegernsee GER"]
[Date "2021.11.06"]
[Round "8.2"]
[White "Guliyev, N."]
[Black "Delgado Ramirez, N."]
[Result "1/2-1/2"]
[WhiteElo "2555"]
[BlackElo "2596"]
[PlyCount "25"]
[EventDate "2021.10.30"]
[SourceVersionDate "2018.05.14"]

1. e4 c5 2. Nf3 d6 3. Bb5+ Bd7 4. Bxd7+ Qxd7 5. O-O Nf6 6. Qe2 Nc6 7. c3 e6 8.
d4 cxd4 9. cxd4 d5 10. e5 Ne4 11. Nbd2 Nxd2 12. Bxd2 Bb4 13. Rac1 1/2-1/2

[Event "7th Arica Open 2021"]
[Site "Arica CHI"]
[Date "2021.12.12"]
[Round "1.2"]
[White "Meruvia Meruvia, J."]
[Black "Delgado Ramirez, N."]
[Result "0-1"]
[WhiteElo "1895"]
[BlackElo "2614"]
[PlyCount "60"]
[EventDate "2021.12.12"]
[SourceVersionDate "2018.05.14"]

1. e4 c5 2. Nf3 d6 3. d4 cxd4 4. Nxd4 Nf6 5. Nc3 Nc6 6. Be2 e5 7. Nb3 Be7 8.
Be3 O-O 9. Bf3 a5 10. a3 Be6 11. Nd5 Bxd5 12. exd5 Nb8 13. c4 Nbd7 14. O-O Ne8
15. Be2 a4 16. Nd2 f5 17. f3 Bg5 18. Bf2 Nef6 19. Bd3 g6 20. Re1 Qc7 21. Nb1 e4
22. fxe4 fxe4 23. Bxe4 Nxe4 24. Rxe4 Rxf2 25. Kxf2 Nc5 26. Rg4 Qb6 27. Kg3 Qxb2
28. Rxg5 Ne4+ 29. Kh4 Qf2+ 30. Rg3 Qf6+ 0-1

[Event "7th Arica Open 2021"]
[Site "Arica CHI"]
[Date "2021.12.13"]
[Round "2.2"]
[White "Delgado Ramirez, N."]
[Black "Paez Medina, G."]
[Result "1-0"]
[WhiteElo "2614"]
[BlackElo "2149"]
[PlyCount "81"]
[EventDate "2021.12.12"]
[SourceVersionDate "2018.05.14"]

1. e4 c6 2. c4 d5 3. cxd5 cxd5 4. exd5 Nf6 5. Nc3 Nxd5 6. Nf3 Nc6 7. d4 e6 8.
Bc4 Bb4 9. Qd3 h6 10. O-O O-O 11. Bb3 Nf6 12. Bc2 Bd6 13. a3 e5 14. Ne4 Nxe4
15. Qxe4 f5 16. Qd5+ Kh8 17. dxe5 Bc7 18. Qc5 Bb6 19. Qc4 Re8 20. Rd1 Be6 21.
Qe2 Qe7 22. Bd2 Qf7 23. Bc3 Rac8 24. Rd2 Ne7 25. Ba4 Red8 26. Rxd8+ Rxd8 27.
Rd1 Nd5 28. Bd4 Bc7 29. g3 Qh5 30. Bc5 Nf4 31. Rxd8+ Bxd8 32. gxf4 Qg4+ 33. Kh1
Qxf4 34. Qd1 Bc7 35. Bc2 Qc4 36. b4 Bd5 37. Bd3 Qg4 38. Be2 Be4 39. Bd6 Bb6 40.
e6 Bc6 41. b5 1-0

[Event "7th Arica Open 2021"]
[Site "Arica CHI"]
[Date "2021.12.13"]
[Round "3.2"]
[White "Aguirre Contreras, Cristian"]
[Black "Delgado Ramirez, N."]
[Result "0-1"]
[WhiteElo "2210"]
[BlackElo "2614"]
[PlyCount "102"]
[EventDate "2021.12.12"]
[SourceVersionDate "2018.05.14"]

1. e4 c5 2. Nf3 d6 3. c3 Nf6 4. Bd3 Nc6 5. O-O Bg4 6. h3 Bxf3 7. Qxf3 g6 8. Bb5
Nd7 9. d3 Bg7 10. Nd2 O-O 11. Qe2 Rc8 12. a4 Na5 13. Nc4 Nb3 14. Ra3 Nxc1 15.
Rxc1 Nf6 16. a5 Nh5 17. a6 b6 18. Ne3 e6 19. Qf3 Kh8 20. Rd1 Qg5 21. g3 Rcd8
22. Bc4 f5 23. Bxe6 fxe4 24. Qg2 Be5 25. h4 Qe7 26. Bg4 exd3 27. Bxh5 gxh5 28.
Rxd3 Bxg3 29. fxg3 c4 30. Rd2 Qxe3+ 31. Kh2 Rf3 32. Re2 Qd3 33. Rf2 Rdf8 34.
Rxf3 Rxf3 35. Ra1 Qf5 36. Kg1 Qc5+ 37. Kh1 Qe3 38. Rg1 d5 39. Qh3 Qe4 40. Rg2
Rf5 41. Kh2 Kg7 42. g4 Rf3 43. gxh5+ Kh6 44. Qg4 Qxg4 45. Rxg4 Rf2+ 46. Rg2
Rxg2+ 47. Kxg2 Kxh5 48. Kg3 Kg6 49. Kf4 Kf6 50. Kg4 b5 51. Kh5 d4 0-1

[Event "7th Arica Open 2021"]
[Site "Arica CHI"]
[Date "2021.12.14"]
[Round "4.2"]
[White "Delgado Ramirez, N."]
[Black "Salinas Herrera, P."]
[Result "1/2-1/2"]
[WhiteElo "2614"]
[BlackElo "2513"]
[PlyCount "88"]
[EventDate "2021.12.12"]
[SourceVersionDate "2018.05.14"]

1. e4 e5 2. Nf3 Nc6 3. Bb5 a6 4. Ba4 Nf6 5. Nc3 b5 6. Bb3 Bc5 7. d3 d6 8. Nd5
h6 9. c3 Rb8 10. O-O O-O 11. h3 Nxd5 12. exd5 Ne7 13. d4 exd4 14. Nxd4 Bb7 15.
Qf3 Qd7 16. Be3 Rbe8 17. Rac1 Ng6 18. Qg3 Qe7 19. a4 Nh4 20. axb5 axb5 21. Bc2
Bxd4 22. Bxd4 Qg5 23. Rfd1 Qxg3 24. fxg3 Ng6 25. Bd3 Bxd5 26. Bxb5 Rb8 27. Bf1
Bb3 28. Re1 c5 29. Be3 f6 30. Ra1 Ne5 31. Bf4 Rfd8 32. g4 Bf7 33. Bc1 Kf8 34.
Ra7 Rd7 35. Rxd7 Nxd7 36. Bf4 Ne5 37. Rd1 Ke7 38. Rd2 Bb3 39. Kf2 Ra8 40. Be2
Ra1 41. Bd3 Kd7 42. Be4 Bf7 43. Be3 Ra2 44. Kg1 g5 1/2-1/2

[Event "7th Arica Open 2021"]
[Site "Arica CHI"]
[Date "2021.12.15"]
[Round "5.1"]
[White "Mareco, S."]
[Black "Delgado Ramirez, N."]
[Result "1-0"]
[WhiteElo "2634"]
[BlackElo "2614"]
[PlyCount "89"]
[EventDate "2021.12.12"]
[SourceVersionDate "2018.05.14"]

1. d4 Nf6 2. c4 e6 3. Nf3 b6 4. g3 Ba6 5. b3 Bb4+ 6. Bd2 Be7 7. Bg2 c6 8. O-O
d5 9. Qc2 O-O 10. Rd1 Nbd7 11. a4 Rc8 12. a5 c5 13. axb6 Qxb6 14. Ba5 Qb8 15.
Bc3 Qb6 16. Qa2 Bb7 17. Nbd2 a6 18. e3 Qa7 19. Ne5 dxc4 20. Nxd7 Nxd7 21. Bxb7
Qxb7 22. bxc4 cxd4 23. exd4 Nb8 24. Rab1 Qc6 25. Ba5 Nd7 26. d5 exd5 27. cxd5
Qg6 28. Nf3 Bd6 29. Bb4 Rc2 30. Qa3 Bxb4 31. Rxb4 Rfc8 32. Rf4 R2c5 33. d6 R5c6
34. Kg2 h6 35. Rdd4 Qe6 36. Rfe4 Qf6 37. Qb4 Rb6 38. Qd2 Rd8 39. Qa5 Rbb8 40.
Re7 g5 41. h4 gxh4 42. Rf4 Qxd6 43. Rfxf7 h3+ 44. Kxh3 Nc5 45. Qc3 1-0

[Event "7th Arica Open 2021"]
[Site "Arica CHI"]
[Date "2021.12.15"]
[Round "6.4"]
[White "Delgado Ramirez, N."]
[Black "Duarte, Le"]
[Result "1-0"]
[WhiteElo "2614"]
[BlackElo "2333"]
[PlyCount "61"]
[EventDate "2021.12.12"]
[SourceVersionDate "2018.05.14"]

1. e4 c5 2. Nf3 e6 3. d4 cxd4 4. Nxd4 Nc6 5. Nc3 a6 6. Nxc6 bxc6 7. e5 Qc7 8.
Qe2 Ne7 9. f4 Nd5 10. Ne4 f5 11. exf6 Nxf6 12. Nxf6+ gxf6 13. Qh5+ Ke7 14. Bd2
Bb7 15. Bb4+ d6 16. Ba5 Qd7 17. Bc3 c5 18. Qh4 Bg7 19. O-O-O d5 20. f5 d4 21.
fxe6 Qd5 22. Bxd4 cxd4 23. Rxd4 Bh6+ 24. Kb1 Qg5 25. Rd7+ Kxe6 26. Qxg5 Bxg5
27. Rxb7 Bf4 28. Bc4+ Kd6 29. Rd1+ Kc5 30. Be2 Rab8 31. b4+ 1-0

[Event "7th Arica Open 2021"]
[Site "Arica CHI"]
[Date "2021.12.16"]
[Round "7.4"]
[White "Abarca Gonzalez, N."]
[Black "Delgado Ramirez, N."]
[Result "0-1"]
[WhiteElo "2413"]
[BlackElo "2614"]
[PlyCount "134"]
[EventDate "2021.12.12"]
[SourceVersionDate "2018.05.14"]

1. e4 c5 2. Nc3 Nc6 3. Nge2 d6 4. g3 g6 5. Bg2 Bg7 6. O-O e6 7. d3 Nge7 8. Be3
Nd4 9. Qd2 O-O 10. Nd1 d5 11. Nxd4 cxd4 12. Bh6 Bxh6 13. Qxh6 Bd7 14. exd5 Nxd5
15. Bxd5 exd5 16. Qf4 Qb6 17. Qh4 Rfe8 18. c3 dxc3 19. bxc3 d4 20. cxd4 Be6 21.
Nc3 Red8 22. Ne4 Qxd4 23. Rae1 Kg7 24. Re2 h6 25. Qf4 Rac8 26. Rfe1 b5 27. h4
Rd5 28. h5 Rxh5 29. Ng5 Qxf4 30. Nxe6+ fxe6 31. gxf4 Rf8 32. Rxe6 Rxf4 33. Ra6
Rg4+ 34. Kf1 Rh1+ 35. Ke2 Rxe1+ 36. Kxe1 Ra4 37. Rc6 Rxa2 38. Rc7+ Kf6 39. Rc6+
Kf7 40. Rc7+ Ke6 41. Rc6+ Kd5 42. Rxg6 b4 43. Kd1 a5 44. Rxh6 Kd4 45. Rc6 Kxd3
46. Kc1 Rxf2 47. Kb1 a4 48. Rc8 a3 49. Rc7 Rb2+ 50. Kc1 Rb3 51. Rd7+ Kc4 52.
Rc7+ Kb5 53. Rb7+ Kc5 54. Ra7 Rb2 55. Rh7 Kb5 56. Rh5+ Ka4 57. Rh3 Rf2 58. Kb1
Rd2 59. Rh8 Kb3 60. Rh1 Re2 61. Rg1 Ka4 62. Rh1 b3 63. Rh4+ Kb5 64. Rh5+ Kc4
65. Rh4+ Kd3 66. Rh3+ Re3 67. Rh1 Kd2 0-1

[Event "7th Arica Open 2021"]
[Site "Arica CHI"]
[Date "2021.12.16"]
[Round "8.2"]
[White "Santiago, Y."]
[Black "Delgado Ramirez, N."]
[Result "1/2-1/2"]
[WhiteElo "2478"]
[BlackElo "2614"]
[PlyCount "44"]
[EventDate "2021.12.12"]
[SourceVersionDate "2018.05.14"]

1. d4 Nf6 2. c4 e6 3. Nc3 Bb4 4. e3 O-O 5. Bd3 d5 6. Nge2 dxc4 7. Bxc4 c5 8. a3
Bxc3+ 9. bxc3 Qc7 10. Ba2 b6 11. O-O Ba6 12. Bb2 Nbd7 13. Re1 Rac8 14. Rc1 Rfd8
15. c4 e5 16. d5 Ne4 17. a4 Re8 18. Qc2 Nd6 19. e4 Rcd8 20. Ng3 f6 21. Nf1 Bc8
22. Ne3 Nf8 1/2-1/2

[Event "7th Arica Open 2021"]
[Site "Arica CHI"]
[Date "2021.12.17"]
[Round "9.4"]
[White "Delgado Ramirez, N."]
[Black "Tapia Fuentes, Jaime"]
[Result "1-0"]
[WhiteElo "2614"]
[BlackElo "2193"]
[PlyCount "117"]
[EventDate "2021.12.12"]
[SourceVersionDate "2018.05.14"]

1. e4 c5 2. Nc3 d6 3. f4 Nc6 4. Bb5 Bd7 5. Nf3 g6 6. O-O Bg7 7. d3 a6 8. Bxc6
Bxc6 9. Qe1 Nf6 10. Qh4 Qd7 11. a3 b6 12. Bd2 d5 13. e5 d4 14. Ne2 Nd5 15. Ng3
f5 16. exf6 Bxf6 17. Qh6 Ne3 18. Bxe3 dxe3 19. Rab1 O-O-O 20. b4 c4 21. dxc4
Bxf3 22. gxf3 Qd4 23. Kh1 Qxc4 24. Rbe1 Rd4 25. Rxe3 Rhd8 26. Qh3+ Kb8 27. Ne4
Rd1 28. Ree1 Rxe1 29. Rxe1 h5 30. Nxf6 exf6 31. Qe6 Qd4 32. Rg1 Qf2 33. Qh3 Rd2
34. f5 g5 35. Qxh5 Rxc2 36. Qh3 Rc3 37. Rf1 Qe2 38. Kg1 Qe3+ 39. Kg2 Rc2+ 40.
Kh1 Qe2 41. Qg3+ Kc8 42. Re1 Qd2 43. Rg1 Rc1 44. Qg4 Rxg1+ 45. Kxg1 Qe3+ 46.
Kg2 Qxa3 47. Qc4+ Kd8 48. Qd5+ Kc7 49. Qf7+ Kc8 50. Qxf6 Qxb4 51. Qxg5 Qb2+ 52.
Kh3 Qh8+ 53. Kg4 Qd4+ 54. Kh5 Kd7 55. Kg6 Ke8 56. f6 Qd3+ 57. Kh6 Qc4 58. Qe5+
Kd7 59. Kg7 1-0

[Event "7th Arica Open 2021"]
[Site "Arica CHI"]
[Date "2021.12.18"]
[Round "10.3"]
[White "Delgado Ramirez, N."]
[Black "Cerda Albornoz, G."]
[Result "1-0"]
[WhiteElo "2614"]
[BlackElo "2169"]
[PlyCount "81"]
[EventDate "2021.12.12"]
[SourceVersionDate "2018.05.14"]

1. e4 e5 2. Nf3 Nc6 3. Bb5 Nf6 4. O-O Bc5 5. c3 O-O 6. d3 d6 7. Nbd2 a6 8. Bxc6
bxc6 9. Nc4 Re8 10. Na5 Bg4 11. h3 Bh5 12. Bg5 h6 13. Nxc6 Qd7 14. Bxf6 Qxc6
15. Bh4 g5 16. g4 Bg6 17. Bg3 f6 18. b4 Bb6 19. c4 a5 20. b5 Qd7 21. Kg2 a4 22.
Rb1 Bc5 23. Ng1 c6 24. Ne2 cxb5 25. Rxb5 Reb8 26. Nc3 Rxb5 27. Nxb5 Qb7 28. Qc2
Bf7 29. Rb1 Qc6 30. f3 Be8 31. Bf2 Qc8 32. Bxc5 Qxc5 33. Nc3 Bc6 34. Ne2 Be8
35. Ng3 Bg6 36. Qd2 Qa3 37. Rb7 Rc8 38. h4 d5 39. h5 dxc4 40. hxg6 cxd3 41. Nf5
1-0